Southville International School and Colleges
Your cart is empty.
  • Cart
  • Lists
    Public lists Eva Luna New books Lux_list list_1
    Your lists Log in to create your own lists
  • Log in to your account
  • Your cookies
  • Search history
Southville International School and Colleges
  • Advanced search
  • Recent comments
  • Most popular
  • Libraries

Log in to your account

Log in with GOOGLE


If you do not have an external account, but do have a local account, you can still log in:

  1. Home
  2. MARC view: Teach like a champion :
Normal view MARC view ISBD view

Teach like a champion : (Record no. 291049)

[ view plain ]
MARC details
000 -LEADER
fixed length control field 00679nam a22002057a 4500
003 - CONTROL NUMBER IDENTIFIER
control field LC
005 - DATE AND TIME OF LATEST TRANSACTION
control field 20160302141303.0
008 - FIXED-LENGTH DATA ELEMENTS--GENERAL INFORMATION
fixed length control field 160302b xxu||||| |||| 00| 0 eng d
020 ## - INTERNATIONAL STANDARD BOOK NUMBER
International Standard Book Number 9780470550472
050 ## - LIBRARY OF CONGRESS CALL NUMBER
Classification number LB 1025.3 .L48 2010
100 ## - MAIN ENTRY--PERSONAL NAME
Personal name Lemov, Doug
245 ## - TITLE STATEMENT
Title Teach like a champion :
Remainder of title 49 techniques that put students on path to college
Statement of responsibility, etc Doug Lemov ; foreword by Norman Atkins
260 ## - PUBLICATION, DISTRIBUTION, ETC. (IMPRINT)
Place of publication, distribution, etc USA :
Name of publisher, distributor, etc Jossey - Bass
Date of publication, distribution, etc 2010
300 ## - PHYSICAL DESCRIPTION
Extent 332 pages.,
Other physical details illustrations.
Dimensions 21 cm.
650 ## - SUBJECT ADDED ENTRY--TOPICAL TERM
Topical term or geographic name as entry element Effective teaching.
650 ## - SUBJECT ADDED ENTRY--TOPICAL TERM
Topical term or geographic name as entry element Academic achievement.
650 ## - SUBJECT ADDED ENTRY--TOPICAL TERM
Topical term or geographic name as entry element College preparation programs.
651 ## - SUBJECT ADDED ENTRY--GEOGRAPHIC NAME
Geographic name Fort Worth Library -- Honorariums.
942 ## - ADDED ENTRY ELEMENTS (KOHA)
Source of classification or shelving scheme Library of Congress Classification
Koha item type Books
Holdings
Withdrawn status Lost status Source of classification or shelving scheme Damaged status Home library Current library Shelving location Date acquired Source of acquisition Sub Shelving location Total Checkouts Full call number Barcode Date last seen Price effective from Koha item type
    Library of Congress Classification   Luxembourg Library Luxembourg Library Teachers Reference Section 03/02/2016 Donation     LB 1025.3 .L48 2010 20134 03/27/2018 03/02/2016 Books

Teach like a champion :

APA

Lemov D., . (2010). Teach like a champion. USA: Jossey - Bass.

Chicago

Lemov Doug, . 2010. Teach like a champion. USA: Jossey - Bass.

Harvard

Lemov D., . (2010). Teach like a champion. USA: Jossey - Bass.

MLA

Lemov Doug, . Teach like a champion. USA: Jossey - Bass. 2010.

  • Place hold
  • Print
  • Cite
  • Add to your cart (remove)
  • Save record
    BIBTEX Dublin Core MARCXML MARC (non-Unicode/MARC-8) MARC (Unicode/UTF-8) MARC (Unicode/UTF-8, Standard) MODS (XML) RIS
  • More searches
    Search for this title in:
    Other Libraries (WorldCat) Other Databases (Google Scholar) Online Stores (Bookfinder.com) Open Library (openlibrary.org)

Exporting to Dublin Core...

SOUTHVILLE LIBRARY

Southville International School and Colleges Library

1281 Tropical Ave. Cor. Luxembourg St., BF Homes International, Las Pinas City

Tel. No. 8256374 / 252358 Loc. 117/146

Powered by Koha